Modern Talking songs - Sudden death - Statistics

General Stats
  • This quiz has been taken 103 times
    43 since last reset
  • The average score is 15 of 25
Answers on the Grid
Answers color-coded by a green-red scale on the quiz's grid according to % correct below.
The Day Is Yours-The Night Is Mine
Sweet little Charlene
Strangers By Night
Somebody To Love
Rivers Of Babylon
One Of Us
No Number, No Name, No Face
Ma Baker
Love Of My Life
In 200 Years
Geronimo's Chevrolet
Everlasting Love
Dancing Queen
Voulez-Vous
'Cause You Are Young
You're The Lady Of My Heart
You're My Heart, You're My Soul
You Can Win If You Want
You Are Not Alone
With A Little Love
Win The Race
Wild, Wild Water
TV Makes The Superstar
Ten Thousand Lonely Drums
Stranded In The Middle Of Nowhere
One In A Million
Lucky Guy
Just Like An Angel
Juliet
Jet Airliner
Hey You
Don't Take Away My Heart
Don't Lose My Number
Do You Wanna
China In Her Eyes
Cheri, Cheri Lady
Brother Louie
Bells Of Paris
Atlantis Is Calling (S.O.S For Love)
Angie's Heart
 
Answer Stats
Answer % Correct
Cheri, Cheri Lady
88%
You're My Heart, You're My Soul
81%
Atlantis Is Calling (S.O.S For Love)
77%
Brother Louie
77%
Jet Airliner
73%
You Can Win If You Want
65%
You're The Lady Of My Heart
65%
Don't Lose My Number
62%
Do You Wanna
62%
Lucky Guy
62%
With A Little Love
58%
You Are Not Alone
58%
China In Her Eyes
54%
Hey You
54%
Win The Race
54%
Angie's Heart
50%
Don't Take Away My Heart
50%
One In A Million
50%
Wild, Wild Water
50%
Just Like An Angel
46%
TV Makes The Superstar
46%
Bells Of Paris
42%
Juliet
42%
Stranded In The Middle Of Nowhere
42%
Ten Thousand Lonely Drums
42%
No matching quizzes found
Score Distribution
Percent of People with Each Score
Percentile by Number Answered
Your Score History
You have not taken this quiz since the last reset